000 01269nam a2200301Ia 4500
001 ebr10053366
003 CaPaEBR
006 m u
007 cr cn|||||||||
008 040626s2001 ne a gsb 001 0 eng d
020 _z0306476673
040 _aCaPaEBR
_cCaPaEBR
035 _a(OCoLC)51933047
050 1 4 _aQD505
_b.T472 2001eb
245 0 0 _aTheoretical aspects of heterogeneous catalysis
_h[electronic resource] /
_cedited by Marco Antonio Chaer Nascimento.
260 _aDordrecht ;
_aBoston, MA :
_bKluwer Academic,
_cc2001.
300 _ax, 256, [1] p. :
_bill.
490 1 _aProgress in theoretical chemistry and physics ;
_vv. 8
504 _aIncludes bibliographical references and index.
533 _aElectronic reproduction.
_bPalo Alto, Calif. :
_cebrary,
_d2009.
_nAvailable via World Wide Web.
_nAccess may be limited to ebrary affiliated libraries.
650 0 _aHeterogeneous catalysis.
650 0 _aCatalysis.
655 7 _aElectronic books.
_2local
700 1 _aNascimento, Marco Antonio Chaer.
710 2 _aebrary, Inc.
830 0 _aProgress in theoretical chemistry and physics ;
_vv. 8.
856 4 0 _uhttp://site.ebrary.com/lib/rucke/Doc?id=10053366
_zAn electronic book accessible through the World Wide Web; click to view
999 _c66299
_d66299